书目信息 |
| 题名: |
唐代科举与文学
|
|
| 作者: | 傅璇琮 著 | |
| 分册: | ||
| 出版信息: | 北京 中华书局 2020 |
|
| 页数: | 536页 | |
| 开本: | 22cm | |
| 丛书名: | ||
| 单 册: | ||
| 中图分类: | D691.3 , I206.2 | |
| 科图分类: | ||
| 主题词: | 科举制度--ke ju zhi du--研究--中国--唐代 , 古典文学研究--gu dian wen xue yan jiu--中国--唐代 | |
| 电子资源: | ||
| ISBN: | 978-7-101-14530-4 | |
| 000 | 01105nam0 2200253 450 | |
| 001 | 2131056932 | |
| 005 | 20211029202829.0 | |
| 010 | @a978-7-101-14530-4@b精装@dCNY78.00 | |
| 100 | @a20200923d2020 em y0chiy0120 ea | |
| 101 | 0 | @achi |
| 102 | @aCN@b110000 | |
| 105 | @aa z 000yy | |
| 106 | @ar | |
| 200 | 1 | @a唐代科举与文学@Atang dai ke ju yu wen xue@f傅璇琮著 |
| 210 | @a北京@c中华书局@d2020 | |
| 215 | @a536页@c图@d22cm | |
| 330 | @a本书在梳理唐代科举制度有关文献的基础上,考述唐代取士各科,如明经、进士、制举等的情况,考察了唐代科考的科目设置、内容沿革、贡举、举子行卷、放榜宴集等活动,探讨了科举制度对当时文学风气、社会风尚等的影响。其以史学与文学研究结合的办法,综合考察古人在历史记载、文学描写中的有关社会史料,研究唐代士人的生活道路、思维方式、心理状态,着力重现了当时部分的时代风貌和社会习俗。 | |
| 606 | 0 | @a科举制度@Ake ju zhi du@x研究@y中国@z唐代 |
| 606 | 0 | @a古典文学研究@Agu dian wen xue yan jiu@y中国@z唐代 |
| 690 | @aD691.3@v5 | |
| 690 | @aI206.2@v5 | |
| 701 | 0 | @a傅璇琮@Afu xuan cong@f(1933~2016)@4著 |
| 801 | 0 | @aCN@b百万庄@c20211029 |
| 905 | @b1313523-26@dD691.3@e323@f4 | |
| 唐代科举与文学/傅璇琮著.-北京:中华书局,2020 |
| 536页:图;22cm |
| ISBN 978-7-101-14530-4(精装):CNY78.00 |
| 本书在梳理唐代科举制度有关文献的基础上,考述唐代取士各科,如明经、进士、制举等的情况,考察了唐代科考的科目设置、内容沿革、贡举、举子行卷、放榜宴集等活动,探讨了科举制度对当时文学风气、社会风尚等的影响。其以史学与文学研究结合的办法,综合考察古人在历史记载、文学描写中的有关社会史料,研究唐代士人的生活道路、思维方式、心理状态,着力重现了当时部分的时代风貌和社会习俗。 |
| ● |
| 相关链接 |
|
|
|
|
正题名:唐代科举与文学
索取号:D691.3/323
 
预约/预借
| 序号 | 登录号 | 条形码 | 馆藏地/架位号 | 状态 | 备注 |
| 1 | 1313523 | 213135230 | 第一样本阅览室/ [索取号:D691.3/323] | 在馆 | |
| 2 | 1313524 | 213135249 | 第一借阅区/ [索取号:D691.3/323] | 在馆 | |
| 3 | 1313525 | 213135258 | 第一借阅区/ [索取号:D691.3/323] | 在馆 | |
| 4 | 1313526 | 213135267 | 第一借阅区/ [索取号:D691.3/323] | 在馆 |